00520nam a22001697a 45000050016000000100015000160200025000310350013000560370013000690820011000821000017000932450071001102600040001812700066002213000021002876500042003082010081707387.0 aENG-100629 a9788190761536c80.00 aEN-84162 bDBAD/PUB a341.48 aPrasanth, M. aHuman rights commission activities in Tamil Nadu /cby M. Prasanth aChennaibMahakavi Pathippagamc2008 a12/34, Well Street, Ethirajapuram, West TambarambChennaie45 a76p.c21cm (pbk) aTamil Nadu, Commission on Human Right